Employee benefits: retirement plans

Hlavné črty súkromného plánu do dôchodku (minimálny vek, dôchodkový vek, pravidlá nároku). Rozlíšenie príspevkovo definovaného plánu a plánu stanovenia výhod. Základné charakteristiky plánov podielov zo zisku. Identifikovanie plánu odchodu do dôchodku pre drobných podnikateľov.

Saved in:
Bibliographic Details
Main Author: Brokešová, Zuzana, 1985-
Other Authors: Garvey, John, Manikowski, Piotr
Format: Book Chapter
Language:English
Subjects:
Tags: Add Tag
No Tags, Be the first to tag this record!

MARC

LEADER 00000naa$a2200000$$$4500
001 0234520
005 20240502083625.1
041 0 |a eng 
044 |a GB 
245 1 0 |a Employee benefits: retirement plans  |c Zuzana Brokešová, John Garvey, Piotr Manikowski 
520 |a Hlavné črty súkromného plánu do dôchodku (minimálny vek, dôchodkový vek, pravidlá nároku). Rozlíšenie príspevkovo definovaného plánu a plánu stanovenia výhod. Základné charakteristiky plánov podielov zo zisku. Identifikovanie plánu odchodu do dôchodku pre drobných podnikateľov. 
610 2 0 |a sporenie dôchodkové 
610 2 0 |a dôchodky 
610 2 0 |a dôchodky starobné 
610 2 0 |a sporenie dôchodkové starobné 
610 2 0 |a systémy dôchodkové 
610 2 0 |a politika dôchodková 
100 1 |a Brokešová, Zuzana, 1985- 
700 1 |a Garvey, John 
700 1 |a Manikowski, Piotr